| 000 | 01360nam a2200313 c 4500 | ||
|---|---|---|---|
| 003 | BLK | ||
| 005 | 20221202172610.0 | ||
| 008 | 180408b bul|||||r ||||||| ||bul|| | ||
| 010 | _aKNG00064125000 | ||
| 040 | _aBLK | ||
| 041 |
_aBUL _cBUL |
||
| 080 |
_aСелскостопански машини и инструменти. Селскостопанско машиностроене _b631.3 _x(075.8) _z631.3(075.8) |
||
| 100 | 1 |
_aЛеви, Сабетай Аврам _9368196 |
|
| 139 |
_aЛеви, Сабетай Аврам _bЛ 35 |
||
| 245 | 1 | 0 |
_aЕксплоатация на селскостопанската техника _bУчебник за студентите от ВТУ А. Кънчев - Русе _cСабетай Аврам Леви. |
| 257 | _aBGR | ||
| 260 |
_аСофия _bЗемиздат _c1987 _fПерник : В. Андреев |
||
| 300 |
_a292 с. _bсъс сх., табл., диагр. _c22 см |
||
| 380 | _a63 | ||
| 650 | 4 |
_aСелскостопанска техника _9274067 |
|
| 653 | _aселскостопанска техника | ||
| 653 | _aексплоатация | ||
| 653 | _aучебници за ВУЗ | ||
| 852 | _aЦб 150032 | ||
| 856 | 4 |
_qpdf _u |
|
| 856 | 4 |
_qpdf _u |
|
| 942 |
_cKNG _n0 |
||
| 944 |
_aCR _c13.06.2004 _kГеновева_Генчева |
||
| 944 |
_aED _c30.06.2017 _kТеодора_Стоянова |
||
| 999 |
_c59997 _d59997 |
||